000 00280nam a2200109Ia 4500
008 190216s9999||||xx |||||||||||||| ||und||
100 _aSasidharan Sn & Aiyyappan Pillai
245 0 _aIntroduction To Capital Market
260 _bKitab Mahal
_c1998
300 _a278p
942 _cBK
999 _c6213
_d6213